Ambiente y Comunidad 2001

Guardat en:
Dades bibliogràfiques
Autor corporatiu: CODELCO (Autor)
Format: Llibre
Idioma:espanyol
Publicat: Santiago CODELCO 2002
Col·lecció:Reporte 01
Matèries:
Etiquetes: Afegir etiqueta
Sense etiquetes, Sigues el primer a etiquetar aquest registre!

MARC

LEADER 00000nam a2200000 a 4500
001 UCM2767
003 CL-VaPUC
008 020613e20020000cl |||||||||||||||||spa|d
082 0 4 |a 363.7  |b COD  |2 21 
110 2 |a CODELCO  |e author  |9 469563 
245 1 0 |a Ambiente y Comunidad 2001 
300 |a 49 p 
942 |c BK 
945 |d 20020613 00:00:00  |a cmena 
260 |a Santiago  |b CODELCO  |c 2002 
650 0 |a Gestión ambiental   |9 338121 
650 7 |a CONTAMINACION INDUSTRIAL  |2 CL-VaPUC  |9 261690 
650 0 |a Protección del medio ambiente  |9 257626 
651 7 |a CHILE  |2 CL-VaPUC  |9 469564 
490 0 |a Reporte 01 
999 |c 300488  |d 300486 
583 |k Rodrigo Vera 
952 |0 0  |1 0  |4 0  |6 363_700000000000000_COD_2002  |7 0  |8 F  |9 358331  |a BIBGIM  |b BIBGIM  |d 2019-11-21  |i 3820017  |o 363.7 COD 2002  |p 3820017  |r 2025-01-15  |w 2019-11-21  |y BK_F  |k GIM